Földgáz Szegeden át
Elmentve itt :
| Dokumentumtípus: | Cikk |
|---|---|
| Megjelent: |
1913-07-08
|
| Sorozat: | Délmagyarország
4 No. 157 |
| Kulcsszavak: | Városfejlesztés Szeged 1913 |
| Online Access: | http://dmarchiv.bibl.u-szeged.hu/42747 |
| LEADER | 00406nab a2200145 i 4500 | ||
|---|---|---|---|
| 001 | delm42747 | ||
| 005 | 20180928090457.0 | ||
| 008 | 180927s1913 hu o 0|| hun d | ||
| 040 | |a SZTE Délmagyarország Archívum |b hun | ||
| 041 | |a hun | ||
| 245 | 0 | 0 | |a Földgáz Szegeden át |h [elektronikus dokumentum] |
| 260 | |c 1913-07-08 | ||
| 300 | |a 7 | ||
| 490 | 0 | |a Délmagyarország |v 4 No. 157 | |
| 695 | |a Városfejlesztés Szeged 1913 | ||